00595nam a2200181Ia 4500003000900000008004100009040001600050080001900066100002400085245007700109260003900186300001500225650003300240650002600273942000700299999001300306952009400319IN-BaIIA211028s9999 xx 000 0 eng d cIIA Library a621.318.4bNOR aNorrie, H. S.91773 0aInduction coilsbhow to make, use and repair themcH. S. Norrie  aNew YorkbSpon & Chamberlianc1901 axvi, 269p. aElectrical Engineering91774 aInduction Coils91775 cBK c830d830 00104070aBANbKAVcGENd0000-00-00l0o621.318.4/ NORp856r2021-11-05w0000-00-00yBK